| 000 | 00745nam a2200265 a 4500 | ||
|---|---|---|---|
| 001 | 34199 | ||
| 003 | AR-BaAGN | ||
| 005 | 20231116150850.0 | ||
| 007 | ta | ||
| 008 | 220625s2011 ag |||||r|||| ||||||spa d | ||
| 020 | _a978-950-845-263-4 | ||
| 040 |
_dAR-BaAGN _aAR-BaAGN _bspa _eaacr |
||
| 100 | 1 |
_aEl Jaber, Loreley, _d1972- _94642 |
|
| 245 | 1 | 0 |
_aUn país malsano : _bla conquista del espacio en las crónicas del Río de la Plata : siglos XVI y XVII |
| 250 | _a1ª ed. | ||
| 260 |
_aRosario : _bBeatriz Viterbo , _c2011. |
||
| 300 | _a368 páginas | ||
| 336 |
_2rdacontent _btxt |
||
| 337 |
_2rdamedia _bn |
||
| 338 |
_2rdacarrier _bnc |
||
| 650 | 4 |
_aCRÓNICAS _91626 |
|
| 650 | 4 |
_aVIAJES _92021 |
|
| 942 |
_cLIBRO _n0 |
||
| 999 |
_c34199 _d34199 |
||